000 00788nam a22002057a 4500
999 _c176993
_d176993
005 20210215142451.0
010 _aHIN-119604
020 _a9789389604559
_c340.00
035 _aHN-91950
037 _bDBAD/PUB
082 _a613.7046
100 _aसिंघई, हेमलता
245 _aयोगांजाली /
_cहेमलता ,सिंघई
246 _aHANDBOOK ON YOGA
260 _aउप्लब्ध नहीं
_bBUUKS
_c2019
270 _aउप्लब्ध नहीं
_bउप्लब्ध नहीं
_eउप्लब्ध नहीं
300 _a128पृ.
_c22सेमी.(अजिल्द)
_bसचित्र
650 _aहिन्दी कविता
942 _2ddc
_cHN
_h613.7046
_mसिंघई